000 00268nam a22001097a 4500
008 140529t xxu||||| |||| 00| 0 eng d
020 _a81-239-0478-9
100 _aPercy J. Russell
_9910
245 _aThe Nutrition and health dictionary
300 _a520
942 _2ddc
_cBK
999 _c17148
_d17148